[Event "8th Philadelphia Open"]
[Site "Philadelphia"]
[Date "2014.04.20"]
[Round "9"]
[White "Huang, Kevin"]
[Black "Sinha, Sahil"]
[Result "0-1"]
[WhiteElo "2013"]
[BlackElo "2088"]
[PlyCount "84"]
[EventDate "2014.04.??"]
[EventType "swiss"]
[EventRounds "9"]
[EventCountry "USA"]
[Source "MonRoi"]

1. d4 Nf6 2. c4 e6 3. Nf3 b6 4. g3 Bb7 5. Bg2 d5 6. O-O Nbd7 7. b3 Be7 8. Bb2
O-O 9. Nbd2 c5 10. e3 Rc8 11. Rc1 cxd4 12. Nxd4 Nc5 13. Nb1 dxc4 14. Bxb7 Nxb7
15. bxc4 Na5 16. Qe2 Qd7 17. Nb5 Nxc4 18. Nxa7 Qxa7 19. Bxf6 Nxe3 20. Bxe7 Nxf1
21. Bxf8 Rxc1 22. Qb2 Nxg3+ 23. Kg2 Qb7+ 24. f3 Kxf8 25. Qxc1 Nf5 26. Nd2 h6
27. Ne4 Kg8 28. Qc3 Qd5 29. a3 Qd4 30. Qc8+ Kh7 31. Qf8 Kg6 32. Qa8 Qe3 33. Nf2
Nh4+ 34. Kg3 Qg5+ 35. Kh3 Nf5 36. Qe4 Qe3 37. Qg4+ Kh7 38. Ne4 Qxa3 39. Qh5 Kg8
40. Qg4 Qd3 41. Nf6+ Kh8 42. Nh5 Qf1+ 0-1